000 00636nam a2200241Ia 4500
003 OSt
005 20220924115231.0
006 a|||||r|||| 00| 0
007 ta
008 220923b |||||||| |||| 00| 0 san d
024 _a41687
037 _cTextual
040 _aARTS
_cARTS
_bsan
041 _2san
_asan
082 _aO15,3N34x, N5
100 _aThakur Om Prakash
_9177320
245 0 _aNiti katha makaranda
260 _aDelhi
_bAnil Prak India
_c1995
300 _a74p.
_ccm.
650 _aSANSKRIT LITERATURE
942 _hO15,3N34x, N5
_cTEXL
_2CC
999 _c397369
_d397369